Statistics for Asian Countries that Drive on the Left

Click here to take the quiz!

General Stats

  • This quiz has been taken 47 times
  • The average score is 13 of 15

Answer Stats

country% Correct
India
98%
Japan
98%
Pakistan
98%
Indonesia
95%
Malaysia
95%
Bangladesh
88%
Bhutan
88%
Singapore
88%
Nepal
85%
Thailand
85%
Maldives
83%
Brunei
78%
Timor-Leste
78%
Sri Lanka
76%
Cyprus
34%

Score Distribution

Percentile by Number Answered

Percent of People with Each Score

Your Score History

You have not taken this quiz